[Event "Barcelona Espluguenc Rapid"]
[Site "Barcelona"]
[Date "2022.09.11"]
[Round "3"]
[White "Harutyunyan Grigoryan, Yuri"]
[Black "Torres Gallardo, Pablo"]
[Result "1-0"]
[WhiteElo "1394"]
[BlackElo "1308"]
[PlyCount "45"]
[EventDate "2022.09.11"]
[EventType "swiss (rapid)"]
[EventRounds "7"]
[EventCountry "ESP"]
[SourceTitle "EXT 2023"]
[Source "ChessBase"]
[SourceDate "2022.10.05"]
[SourceVersion "1"]
[SourceVersionDate "2022.10.05"]
[SourceQuality "1"]

1. e4 e5 2. Nf3 Nc6 3. Bc4 a6 4. Nc3 b5 5. Bb3 Nf6 6. Ng5 Nd4 7. Nxf7 Qe7 8. Nxh8 Bb7 9. d3 a5 10. a3 a4 11. Ba2 c6 12. Bg5 h6 13. Bxf6 gxf6 14. Ng6 Qd6 15. Nxf8 Qxf8 16. Ne2 Nxe2 17. Qxe2 d5 18. exd5 cxd5 19. f4 e4 20. dxe4 dxe4 21. 0-0-0 Ra6 22. Qxb5+ Ke7 23. Qd7# 1-0

[Event "Barcelona Espluguenc Rapid"]
[Site "Barcelona"]
[Date "2022.09.11"]
[Round "1"]
[White "Onate Diaz, Manuel"]
[Black "Torres Gallardo, Pablo"]
[Result "1-0"]
[WhiteElo "1304"]
[BlackElo "1308"]
[PlyCount "73"]
[EventDate "2022.09.11"]
[EventType "swiss (rapid)"]
[EventRounds "7"]
[EventCountry "ESP"]
[SourceTitle "EXT 2023"]
[Source "ChessBase"]
[SourceDate "2022.10.05"]
[SourceVersion "1"]
[SourceVersionDate "2022.10.05"]
[SourceQuality "1"]

1. d4 d5 2. Bf4 Nc6 3. Nf3 e6 4. e3 Bb4+ 5. c3 Be7 6. Bd3 b6 7. Nbd2 a6 8. a3 Nf6 9. Ne5 Nxe5 10. dxe5 Nh5 11. Bg3 Nxg3 12. hxg3 c6 13. Qg4 g6 14. Nf3 b5 15. Nd4 c5 16. Nc6 c4 17. Nxd8 Bxd8 18. Bc2 h5 19. Qe2 f5 20. exf6 Bxf6 21. Bxg6+ Kd8 22. Rxh5 Rxh5 23. Bxh5 a5 24. a4 bxa4 25. Rxa4 Bd7 26. Ra1 a4 27. b3 cxb3 28. Qg4 b2 29. Rb1 a3 30. Qg8+ Be8 31. Qxe8+ Kc7 32. Qxa8 a2 33. Rxb2 a1Q+ 34. Qxa1 Kd6 35. Rb6+ Kc5 36. Qa5+ Kc4 37. Be2# 1-0